00459nam a22001577a 450000500170000000800410001702000180005804100130007608200150008910000250010424500430012925000190017226000520019130000330024365000250027620240201101445.0240201b |||||||| |||| 00| 0 eng d a9781485120315 aEnglish  a346.5 GEA  aGeach, WD lEnglish  aTrust Law in South Africa / cWD Geach aFirst Edition  aCape Town : bJuta and Company (Pty) Ltd,c2017 bxviii, 535 pages ; c25 cm.  aLegal practice bLaw